EFL League 1 2023/24 - Statistics

General Stats
  • This quiz has been taken 27 times
  • The average score is 20 of 24
Answer Stats
Standings Team W D L GF GA Pts % Correct
3rd Bolton 25 12 9 86 51 87
96%
5th Oxford United 22 11 13 79 56 77
96%
2nd Derby County 28 8 10 78 37 92
92%
Champions Portsmouth 28 13 5 78 41 97
92%
17th Reading 16 11 19 68 70 53
92%
8th Blackpool 21 10 15 65 48 73
88%
20th Burton 12 10 24 39 67 46
88%
21st Cheltenham 12 8 26 41 65 44
88%
22nd Fleetwood 10 13 23 49 72 43
88%
18th Cambridge United 12 12 22 39 61 48
84%
24th Carlisle 7 9 30 41 81 30
84%
13th Exeter City 17 10 19 46 61 61
84%
9th Stevenage 19 14 13 57 46 71
84%
6th Barnsley 21 13 12 82 64 76
80%
16th Charlton Athletic 11 20 15 64 65 53
80%
7th Lincoln City 20 14 12 65 40 74
80%
4th Peterborough United 25 9 12 89 61 84
80%
12th Wigan Athletic 20 10 16 63 56 62
80%
23rd Port Vale 10 11 25 41 74 41
76%
11th Leyton Orient 18 11 17 53 55 65
72%
14th Northampton Town 17 9 20 57 66 60
72%
10th Wycombe 17 14 15 60 55 65
68%
15th Bristol Rovers 16 9 21 52 68 57
64%
19th Shrewsbury 13 9 24 35 67 48
64%
No matching quizzes found
Score Distribution
Percent of People with Each Score
Percentile by Number Answered
Your Score History
You have not taken this quiz